[Event "Gibtelecom Masters"]
[Site "Gibraltar"]
[Date "2008.01.28"]
[Round "7.38"]
[White "Van Haastert, Edwin"]
[Black "Thomassen, Joachim"]
[Result "1/2-1/2"]
[WhiteElo "2416"]
[BlackElo "2308"]
[PlyCount "53"]
[EventDate "2008.01.22"]

1. e4 c5 2. Nf3 d6 3. d4 cxd4 4. Nxd4 Nf6 5. f3 Nc6 6. Nc3 e5 7. Nb3 Be7 8. Be3
O-O 9. Be2 a5 10. a3 a4 11. Nc1 Be6 12. O-O d5 13. exd5 Nxd5 14. Nxd5 Bxd5 15.
Na2 Nd4 16. Bxd4 exd4 17. Nc1 d3 18. Nxd3 Qb6+ 19. Kh1 Rad8 20. Qe1 Bc4 21. Qf2
Qxf2 22. Rxf2 Bf6 23. Rb1 Rfe8 24. Bf1 Ba2 25. Ra1 Bc4 26. g3 Bxd3 27. cxd3
1/2-1/2

[Event "Gibtelecom Masters"]
[Site "Gibraltar"]
[Date "2008.01.28"]
[Round "7.39"]
[White "Foisor, Ovidiu Doru"]
[Black "Steel, Henry Robert"]
[Result "1-0"]
[WhiteElo "2401"]
[BlackElo "2241"]
[PlyCount "129"]
[EventDate "2008.01.22"]

1. c4 g6 2. g3 Bg7 3. Bg2 Nf6 4. Nc3 O-O 5. e4 d6 6. Nge2 c5 7. d3 Nc6 8. O-O
Ne8 9. Be3 Nc7 10. d4 cxd4 11. Nxd4 Ne6 12. Nde2 Nc5 13. b3 Be6 14. Rc1 Rc8 15.
Qd2 a5 16. Nd5 Bxd5 17. exd5 Nb4 18. Bd4 Bxd4 19. Nxd4 Qb6 20. Rc3 e5 21. dxe6
Nxe6 22. Nb5 Rcd8 23. Bd5 Nxd5 24. Qxd5 Nc7 25. Nxc7 Qxc7 26. Re1 Rfe8 27. Rce3
Rxe3 28. Rxe3 b6 29. Qd2 a4 30. Rd3 axb3 31. axb3 Qe7 32. Qf4 Qe2 33. Rf3 Qe8
34. Re3 Qd7 35. Qf6 Re8 36. Rxe8+ Qxe8 37. h4 Qe1+ 38. Kh2 Qe2 39. Qd8+ Kg7 40.
Qxb6 Qb2 41. Kg2 h5 42. Qxd6 Qxb3 43. c5 Qc4 44. Qe5+ Kh7 45. Kf3 Qd3+ 46. Kf4
Qd2+ 47. Qe3 Qd5 48. Qc3 Qf5+ 49. Ke3 Qe6+ 50. Kd3 Qf5+ 51. Ke2 Qe4+ 52. Kd1
Qb1+ 53. Kd2 Qa2+ 54. Qc2 Qd5+ 55. Ke2 Qc6 56. Qc4 Kg8 57. Ke3 Kf8 58. Qd4 Qe6+
59. Qe4 Qb3+ 60. Kf4 Qb8+ 61. Qe5 Qb4+ 62. Kg5 Qd2+ 63. f4 Qd8+ 64. Kh6 Qd7 65.
Qd6+ 1-0

[Event "Gibtelecom Masters"]
[Site "Gibraltar"]
[Date "2008.01.28"]
[Round "7.40"]
[White "Rendle, Thomas E"]
[Black "Zuse, Klaus-Peter"]
[Result "1-0"]
[WhiteElo "2393"]
[BlackElo "2274"]
[PlyCount "45"]
[EventDate "2008.01.22"]

1. e4 c5 2. Nc3 g6 3. f4 Bg7 4. Nf3 e6 5. d4 cxd4 6. Nb5 Qb6 7. e5 Nc6 8. Nd6+
Kf8 9. Bd3 Nge7 10. O-O h6 11. Kh1 a6 12. a3 Qc7 13. Be4 f5 14. Bxc6 dxc6 15.
Qxd4 c5 16. Qf2 b6 17. b4 c4 18. Qe2 Bd7 19. Nd4 Nd5 20. Rf3 b5 21. Rg3 Ne7 22.
Be3 g5 23. Qh5 1-0

[Event "Gibtelecom Masters"]
[Site "Gibraltar"]
[Date "2008.01.28"]
[Round "7.41"]
[White "Welling, Gerard"]
[Black "Osuna Vega, Enrique"]
[Result "1-0"]
[WhiteElo "2371"]
[BlackElo "2146"]
[PlyCount "85"]
[EventDate "2008.01.22"]

1. d4 Nf6 2. Nf3 e6 3. e3 c5 4. Bd3 b6 5. c4 Bb7 6. Nc3 d6 7. O-O Be7 8. d5 e5
9. Ng5 O-O 10. f4 exf4 11. exf4 Nbd7 12. Bd2 Re8 13. Qc2 Nf8 14. Rae1 a6 15. a4
Qc7 16. b3 h6 17. Nge4 Nxe4 18. Nxe4 Nd7 19. Bc3 Qd8 20. Qb2 Nf6 21. Bb1 Nxe4
22. Rxe4 Bf8 23. Qc2 g6 24. f5 Rxe4 25. Qxe4 Qe8 26. fxg6 fxg6 27. Qxg6+ Qxg6
28. Bxg6 Bg7 29. Bf7+ Kh7 30. Bxg7 Kxg7 31. Be6 Rf8 32. Rxf8 Kxf8 33. Kf2 Kg7
34. Ke3 a5 35. Kf4 Kf6 36. g4 Ba6 37. h4 Bb7 38. Bf5 Ba6 39. h5 Bb7 40. g5+ Kg7
41. Bd7 hxg5+ 42. Kxg5 Kf7 43. h6 1-0

[Event "Gibtelecom Masters"]
[Site "Gibraltar"]
[Date "2008.01.28"]
[Round "7.42"]
[White "Lyell, Mark"]
[Black "Wintzer, Joachim"]
[Result "1/2-1/2"]
[WhiteElo "2221"]
[BlackElo "2349"]
[PlyCount "90"]
[EventDate "2008.01.22"]

1. e4 e6 2. d4 d5 3. e5 c5 4. c3 Nc6 5. Nf3 Bd7 6. Be2 Nge7 7. Na3 Ng6 8. Nc2
Be7 9. O-O O-O 10. b3 Rc8 11. Bd3 a6 12. Qe2 Qb6 13. h4 cxd4 14. h5 Nh8 15.
cxd4 f6 16. h6 g6 17. exf6 Bxf6 18. Ba3 Rfe8 19. Ne5 Nxe5 20. dxe5 Bg5 21. Bc1
Be7 22. Ne3 Bb5 23. Ng4 Rc3 24. Rd1 Rec8 25. Be3 Qc6 26. Bxb5 Qxb5 27. Qf3 Rf8
28. Qh3 Nf7 29. Rac1 Rc6 30. Rxc6 Qxc6 31. Rc1 Qd7 32. Bc5 Rc8 33. Ba3 Bg5 34.
Rxc8+ Qxc8 35. Qf3 Nxh6 36. Nf6+ Kh8 37. Qh3 Bxf6 38. exf6 Nf7 39. Qe3 h6 40.
Qb6 Kh7 41. Qb4 e5 42. Qe7 Kg8 43. Bd6 Qc1+ 44. Kh2 Qf4+ 45. Kg1 Qc1+ 1/2-1/2

[Event "Gibtelecom Masters"]
[Site "Gibraltar"]
[Date "2008.01.28"]
[Round "7.43"]
[White "Kozlov, Oleg"]
[Black "Dimitrov, Pavel"]
[Result "1/2-1/2"]
[WhiteElo "2144"]
[BlackElo "2448"]
[PlyCount "265"]
[EventDate "2008.01.22"]

1. Nf3 d5 2. d4 Nf6 3. c4 c6 4. Nc3 a6 5. a4 g6 6. e3 Bg7 7. a5 O-O 8. Qb3 Ra7
9. Qb6 Qxb6 10. axb6 Ra8 11. c5 Bf5 12. b4 Nbd7 13. Bb2 e5 14. dxe5 Ng4 15. Nd4
Ngxe5 16. Nxf5 gxf5 17. Ra5 Rfe8 18. Nd1 f4 19. Be2 fxe3 20. fxe3 Ng6 21. Bxg7
Kxg7 22. Kf2 Re4 23. b5 cxb5 24. Nc3 Re5 25. Nxb5 Nxc5 26. Nd6 d4 27. Ra3 dxe3+
28. Rxe3 Rd5 29. Ne8+ Kf8 30. Nc7 Rf5+ 31. Rf3 Rxf3+ 32. gxf3 Rd8 33. Rc1 Na4
34. Nxa6 Nxb6 35. Rb1 Rd6 36. Nc5 Kg7 37. Nxb7 Rf6 38. Nc5 Nd5 39. Rb7 Rc6 40.
Nd3 Rc2 41. Rb2 Rc7 42. Rd2 Nc3 43. Bf1 Kf6 44. Kg3 Nd5 45. Ra2 Rc3 46. Rd2 Ne3
47. Kf2 Nc2 48. Be2 Kg7 49. Bd1 Na3 50. Nb4 Rc4 51. Nd5 Rh4 52. Kg3 Nc4 53. Rd3
Nce5 54. Ra3 Rd4 55. Ne3 Rb4 56. Nf5+ Kf6 57. Bc2 Rb6 58. Ra7 Nf8 59. Ne3 Kg7
60. Ra5 Nc6 61. Rg5+ Ng6 62. h4 Nd4 63. Be4 Ne2+ 64. Kh2 h6 65. Nf5+ Kf6 66.
Nxh6 Nxh4 67. Rh5 Ng6 68. Rc5 Rb2 69. Ng4+ Kg7 70. Bxg6 Kxg6 71. Kh3 f5 72. Rc4
fxg4+ 73. Kxg4 Rb6 74. f4 Rd6 75. Re4 Nd4 76. Re5 Ra6 77. Rd5 Ra4 78. Rd6+ Kf7
79. Rb6 Ne6 80. Kf5 Nxf4 81. Rb7+ Ke8 82. Ke5 Nd3+ 83. Kd5 Ra5+ 84. Kd6 Ra6+
85. Kd5 Nf4+ 86. Ke5 Ne6 87. Kf5 Nc5 88. Rh7 Nd7 89. Rh8+ Nf8 90. Rh1 Kf7 91.
Rb1 Ra5+ 92. Ke4 Nd7 93. Rh1 Ke6 94. Rh6+ Nf6+ 95. Kd4 Rd5+ 96. Kc4 Rd1 97. Rh2
Ng4 98. Rh8 Ne5+ 99. Kc3 Rd3+ 100. Kc2 Rg3 101. Re8+ Kd6 102. Rd8+ Kc5 103.
Rc8+ Nc6 104. Kd2 Kd5 105. Rh8 Ra3 106. Rh7 Ne5 107. Rh8 Nf3+ 108. Ke2 Ke4 109.
Re8+ Ne5 110. Kd2 Rd3+ 111. Kc2 Rd6 112. Kc3 Kd5 113. Rc8 Rd7 114. Rh8 Rc7+
115. Kd2 Ra7 116. Rd8+ Ke4 117. Re8 Rc7 118. Re6 Rc8 119. Re7 Kd4 120. Rh7 Ra8
121. Rh4+ Kd5 122. Rh5 Ra3 123. Ke2 Rg3 124. Kd2 Kd4 125. Rh4+ Ng4 126. Ke2 Ke4
127. Kd2 Kf3 128. Rh8 Rg2+ 129. Kc3 Nf6 130. Rf8 Rg6 131. Kd4 Kf4 132. Rf7 Kf5
133. Rf8 1/2-1/2

[Event "Gibtelecom Masters"]
[Site "Gibraltar"]
[Date "2008.01.28"]
[Round "7.45"]
[White "Erdelyi, Tamas"]
[Black "Foisor, Sabina-Francesca"]
[Result "0-1"]
[WhiteElo "2186"]
[BlackElo "2386"]
[PlyCount "100"]
[EventDate "2008.01.22"]

1. Nf3 d5 2. c4 c6 3. Qa4 e6 4. d4 Nf6 5. Nc3 Nbd7 6. cxd5 exd5 7. Bg5 Be7 8.
e3 Ne4 9. Nxe4 dxe4 10. Bxe7 Qxe7 11. Nd2 O-O 12. Qc2 Nf6 13. h3 Be6 14. g3
Rac8 15. Qc5 Qxc5 16. dxc5 Nd7 17. b4 Ne5 18. Be2 Rfe8 19. a3 Rcd8 20. O-O-O f5
21. Nb1 Bc4 22. Bxc4+ Nxc4 23. Rxd8 Rxd8 24. Rd1 Rxd1+ 25. Kxd1 Kf7 26. Kc2 Ke6
27. Kb3 Ne5 28. Nc3 g5 29. Ne2 Nd3 30. f4 exf3 31. Nd4+ Kf6 32. Nxf3 Nf2 33. h4
h6 34. hxg5+ hxg5 35. Nd2 Nh1 36. Nf1 Ke5 37. Kc3 Ke4 38. a4 Kf3 39. Nd2+ Kxe3
40. Nc4+ Ke2 41. Nd6 f4 42. gxf4 gxf4 43. b5 f3 44. Ne4 f2 45. Nxf2 Nxf2 46.
Kd4 Ng4 47. a5 a6 48. bxa6 bxa6 49. Ke4 Kd2 50. Kf5 Kc3 0-1

[Event "Gibtelecom Masters"]
[Site "Gibraltar"]
[Date "2008.01.28"]
[Round "7.46"]
[White "Vinas Guerrero, Carlos A"]
[Black "Goldsztejn, Gildas"]
[Result "0-1"]
[WhiteElo "2129"]
[BlackElo "2380"]
[PlyCount "43"]
[EventDate "2008.01.22"]

1. e4 e5 2. Nf3 Nc6 3. Bc4 Nf6 4. d3 Be7 5. O-O O-O 6. h3 d6 7. c3 Kh8 8. Re1
Ng8 9. d4 f5 10. dxe5 fxe4 11. Rxe4 Rxf3 12. Bxg8 Rf8 13. Bd5 Nxe5 14. Re2 c6
15. Be4 d5 16. Bc2 Bd6 17. Qe1 Qf6 18. Be3 Bxh3 19. f4 Nc4 20. Bd4 Qxf4 21.
gxh3 Rae8 22. Qf2 0-1

[Event "Gibtelecom Masters"]
[Site "Gibraltar"]
[Date "2008.01.28"]
[Round "7.47"]
[White "Almond, Richard J"]
[Black "Amigues, Emmanuel"]
[Result "1/2-1/2"]
[WhiteElo "2107"]
[BlackElo "2378"]
[PlyCount "113"]
[EventDate "2008.01.22"]

1. d4 d5 2. c4 c6 3. Nf3 e6 4. e3 Bd6 5. Nc3 f5 6. Ne5 Nf6 7. Be2 O-O 8. O-O b6
9. b3 Ne4 10. Qc2 Bb7 11. f3 Nxc3 12. Qxc3 Nd7 13. a4 a5 14. Nxd7 Qxd7 15. Ba3
c5 16. f4 Rf6 17. Bf3 Rg6 18. cxd5 exd5 19. dxc5 bxc5 20. Qd2 d4 21. exd4 Bxf3
22. Rxf3 cxd4 23. Qxd4 Qc6 24. Qc4+ Qxc4 25. bxc4 Rc8 26. Rc1 Bxa3 27. Rxa3
Rgc6 28. Rac3 Rb8 29. c5 Rb4 30. Rc4 Rxc4 31. Rxc4 Kf7 32. Kf2 Ke6 33. Ke3 Kd5
34. Rd4+ Kxc5 35. Rd7 g6 36. Rxh7 Kb4 37. h3 Kxa4 38. g4 Rb6 39. gxf5 gxf5 40.
h4 Kb3 41. Rf7 a4 42. Rxf5 a3 43. Ra5 Rh6 44. h5 Kb4 45. Rg5 a2 46. Rg1 Rxh5
47. Ke4 Ra5 48. Ra1 Kb3 49. f5 Kb2 50. Rxa2+ Rxa2 51. f6 Kc3 52. Ke5 Kc4 53. f7
Rf2 54. Ke6 Kd4 55. Ke7 Ke5 56. f8=Q Rxf8 57. Kxf8 1/2-1/2

[Event "Gibtelecom Masters"]
[Site "Gibraltar"]
[Date "2008.01.28"]
[Round "7.48"]
[White "Caspi, Israel"]
[Black "Spence, David J"]
[Result "1-0"]
[WhiteElo "2378"]
[BlackElo "2198"]
[PlyCount "39"]
[EventDate "2008.01.22"]

1. e4 Nc6 2. Nf3 Nf6 3. e5 Ng4 4. d4 d6 5. h3 Nh6 6. Nc3 a6 7. Bg5 Bf5 8. Nh4
Qd7 9. exd6 cxd6 10. g4 Bg6 11. Qd2 d5 12. O-O-O Ng8 13. Na4 Ra7 14. Re1 e6 15.
Nb6 Qd6 16. Nc8 Qb4 17. Nxa7 Nxa7 18. Bg2 Qa4 19. Bxd5 Nb5 20. Nxg6 1-0

[Event "Gibtelecom Masters"]
[Site "Gibraltar"]
[Date "2008.01.28"]
[Round "7.49"]
[White "Waters, Michael"]
[Black "Jakobsen, Ole"]
[Result "0-1"]
[WhiteElo "2102"]
[BlackElo "2372"]
[PlyCount "160"]
[EventDate "2008.01.22"]

1. e4 c5 2. Nc3 e6 3. Bc4 a6 4. a4 Nc6 5. d3 Nf6 6. Bg5 Be7 7. f4 d5 8. Ba2 d4
9. Nb1 O-O 10. Nd2 b6 11. Bxf6 Bxf6 12. Ngf3 Bb7 13. O-O Qc7 14. e5 Be7 15. Qe2
Nb4 16. Bb3 Bd5 17. Bxd5 Nxd5 18. Qe4 Ne3 19. Rfc1 Rad8 20. Nf1 Nd5 21. N3d2 f5
22. exf6 Rxf6 23. g3 Rg6 24. Kh1 Rh6 25. Nf3 Nb4 26. Kg2 Rf8 27. c3 dxc3 28.
bxc3 Nd5 29. Ra2 Kh8 30. Rf2 Bf6 31. Rfc2 Qd6 32. d4 c4 33. Re2 Bd8 34. Ne5 Qc7
35. Ne3 Nxe3+ 36. Rxe3 g5 37. Rf1 gxf4 38. Rxf4 Rxf4 39. Qxf4 Rf6 40. Qe4 b5
41. axb5 axb5 42. Rf3 b4 43. cxb4 c3 44. Qc2 Rxf3 45. Kxf3 Bf6 46. Ke4 Bxe5 47.
dxe5 Qc4+ 48. Ke3 Qxb4 49. Kd3 Qb5+ 50. Kxc3 Qxe5+ 51. Kd3 Qf5+ 52. Kd2 Qf2+
53. Kc3 Qf6+ 54. Kb3 Kg7 55. Qc7+ Kg6 56. Qc2+ Qf5 57. Qe2 h5 58. Kc3 Kg5 59.
Qe3+ Kg4 60. Qd4+ Kh3 61. Qh4+ Kg2 62. Kd4 Qd5+ 63. Ke3 Qe5+ 64. Kd3 Qf5+ 65.
Kd4 Kf3 66. h3 e5+ 67. Kc3 e4 68. g4 Qc5+ 69. Kb3 Qb6+ 70. Kc2 Qc6+ 71. Kb3
Qe6+ 72. Kc2 hxg4 73. hxg4 Qxg4 74. Qf6+ Qf4 75. Qc6 Kf2 76. Qc4 Qf3 77. Qc5+
Kf1 78. Qe7 e3 79. Qe5 Qf2+ 80. Kd3 e2 0-1

[Event "Gibtelecom Masters"]
[Site "Gibraltar"]
[Date "2008.01.28"]
[Round "7.50"]
[White "Arvola, Benjamin"]
[Black "Quillan, Gary"]
[Result "1/2-1/2"]
[WhiteElo "2062"]
[BlackElo "2362"]
[PlyCount "113"]
[EventDate "2008.01.22"]

1. e4 e6 2. d4 d5 3. e5 c5 4. c3 Nc6 5. Nf3 Bd7 6. Bd3 cxd4 7. cxd4 Qb6 8. O-O
Nxd4 9. Nbd2 Nc6 10. Nb3 Nge7 11. Be3 Qc7 12. Rc1 Ng6 13. Bxg6 hxg6 14. Nc5 b6
15. Nxd7 Qxd7 16. Nd4 Nxd4 17. Bxd4 Be7 18. Rc3 Rc8 19. Qc2 Rxc3 20. Qxc3 O-O
21. Rc1 Qa4 22. a3 b5 23. Qe3 a6 24. g3 b4 25. Rc7 bxa3 26. Rxe7 a2 27. b3
a1=Q+ 28. Bxa1 Qxa1+ 29. Kg2 Qb1 30. Ra7 Rb8 31. Qf3 Qf5 32. Qe3 Rb4 33. Rxa6
Re4 34. Qc5 Re2 35. Ra4 g5 36. h4 Re4 37. hxg5 Rxa4 38. bxa4 Qe4+ 39. Kh2 Qxa4
40. g6 Qe8 41. gxf7+ Qxf7 42. Kg2 Qf5 43. Qd4 Kf7 44. g4 Qc2 45. Kg3 Qc4 46.
Qa7+ Kg6 47. Qe3 Qa4 48. Qd3+ Kf7 49. f4 Qa1 50. Qe3 d4 51. Qe4 Qg1+ 52. Kh3
Qf1+ 53. Kh4 d3 54. Qb7+ Kg6 55. Qe4+ Kf7 56. Qb7+ Kg6 57. Qe4+ 1/2-1/2

[Event "Gibtelecom Masters"]
[Site "Gibraltar"]
[Date "2008.01.28"]
[Round "7.52"]
[White "Hagen, Anders Gjerdum"]
[Black "Ramaswamy, Aarthie"]
[Result "0-1"]
[WhiteElo "2049"]
[BlackElo "2322"]
[PlyCount "104"]
[EventDate "2008.01.22"]

1. d4 Nf6 2. c4 g6 3. Nc3 Bg7 4. e4 d6 5. Nf3 O-O 6. Be2 Na6 7. Be3 e5 8. dxe5
dxe5 9. c5 Ng4 10. Qxd8 Rxd8 11. Bg5 f6 12. Bxa6 bxa6 13. Bd2 Rb8 14. h3 Nh6
15. O-O-O Bb7 16. Be3 Kf7 17. Nd2 Ng8 18. Nc4 Ne7 19. Na5 Ba8 20. Rxd8 Rxd8 21.
Rd1 Rxd1+ 22. Kxd1 Ke6 23. Kc2 f5 24. f3 Bf6 25. Kd3 Bh4 26. a3 f4 27. Bd2 Bf2
28. b4 g5 29. Nd1 Bg1 30. Nb2 h5 31. Bc3 Ng6 32. Ke2 g4 33. hxg4 hxg4 34. Nd3
g3 35. Nc4 Bd4 36. Bxd4 exd4 37. Na5 Kf6 38. Nb3 Bc6 39. Nxd4 Ba4 40. Nb2 Ke5
41. Kd3 Be8 42. Nc4+ Kf6 43. Nc2 Bb5 44. Kd4 Bxc4 45. Kxc4 Ne5+ 46. Kd5 Nxf3
47. Kc6 Ne5+ 48. Kxc7 f3 49. Ne3 Nc4 50. e5+ Ke6 51. Kb7 Nxe3 52. c6 Nd5 0-1

[Event "Gibtelecom Masters"]
[Site "Gibraltar"]
[Date "2008.01.28"]
[Round "7.53"]
[White "Ly, Moulthun"]
[Black "Arnott, Jonathan W"]
[Result "1-0"]
[WhiteElo "2319"]
[BlackElo "2117"]
[PlyCount "77"]
[EventDate "2008.01.22"]

1. e4 e6 2. d4 d5 3. Nd2 c5 4. exd5 Qxd5 5. Ngf3 cxd4 6. Bc4 Qd6 7. Qe2 Nf6 8.
Nb3 Nc6 9. Bg5 Be7 10. O-O-O e5 11. Bb5 Bg4 12. Qxe5 O-O-O 13. Bxc6 Qxe5 14.
Nxe5 Bxd1 15. Rxd1 bxc6 16. Nxf7 Rd5 17. Bxf6 Bxf6 18. Nxh8 Rd8 19. f4 Rxh8 20.
Nxd4 Rd8 21. c3 Kb7 22. Nf3 Re8 23. Re1 Rxe1+ 24. Nxe1 g5 25. fxg5 Bxg5+ 26.
Kc2 Kc7 27. Nf3 Bf6 28. Kd3 Kd6 29. g4 h6 30. h4 Bg7 31. b3 Kd5 32. g5 hxg5 33.
hxg5 c5 34. c4+ Ke6 35. Ke4 Bc3 36. Ng1 Bd2 37. Nh3 a5 38. Nf4+ Kf7 39. Kf5 1-0

[Event "Gibtelecom Masters"]
[Site "Gibraltar"]
[Date "2008.01.28"]
[Round "7.54"]
[White "Langer, Michael"]
[Black "Tofte, Sondre Waage"]
[Result "0-1"]
[WhiteElo "2314"]
[BlackElo "2108"]
[PlyCount "96"]
[EventDate "2008.01.22"]

1. e4 e5 2. Nf3 Nc6 3. d4 exd4 4. Nxd4 Bc5 5. Be3 Qf6 6. Nb5 Bxe3 7. fxe3 Qh4+
8. g3 Qxe4 9. Nxc7+ Kd8 10. Nxa8 Qxh1 11. Qg4 Qg1 12. Qf4 Nf6 13. Nc3 Re8 14.
Kd2 Qxh2+ 15. Be2 Qh6 16. Qxh6 gxh6 17. Rf1 Re6 18. Nc7 Kxc7 19. Rxf6 Rxf6 20.
Nd5+ Kd6 21. Nxf6 Ne5 22. c4 b6 23. Kc3 Bb7 24. Kd4 Nc6+ 25. Ke4 Ke6 26. Ne8
Nb4+ 27. Kf4 Nxa2 28. Nc7+ Kf6 29. Nb5 Nc1 30. Bf1 a5 31. Nd6 Ba6 32. Ne4+ Ke6
33. Nc3 Nb3 34. Na4 Nd2 35. Bd3 Bxc4 36. Bf5+ Kd6 37. Nxb6 Bb5 38. Bxh7 Nc4 39.
Nxc4+ Bxc4 40. Kf5 Bd3+ 41. e4 Kc5 42. Bg8 d5 43. Bxf7 Bxe4+ 44. Ke5 Kc4 45.
Bh5 Kb3 46. Kd4 Kxb2 47. Bd1 Bc2 48. Be2 a4 0-1

[Event "Gibtelecom Masters"]
[Site "Gibraltar"]
[Date "2008.01.28"]
[Round "7.56"]
[White "Webster, Richard J"]
[Black "Werner, Dimo"]
[Result "0-1"]
[WhiteElo "1989"]
[BlackElo "2293"]
[PlyCount "108"]
[EventDate "2008.01.22"]

1. c4 e6 2. d4 Nf6 3. Nf3 c5 4. g3 cxd4 5. Nxd4 d5 6. Bg2 e5 7. Nc2 d4 8. O-O
Nc6 9. Nd2 a5 10. h3 Be6 11. b3 Qd7 12. Kh2 Rd8 13. e4 dxe3 14. Nxe3 Qc7 15.
Qf3 h5 16. Ne4 Ng4+ 17. Kg1 Nd4 18. Qd1 Nxe3 19. Bxe3 f6 20. Bxd4 Rxd4 21. Qe2
Qc8 22. Kh2 h4 23. g4 Bb4 24. Rad1 O-O 25. Rxd4 exd4 26. Rd1 Rd8 27. Kg1 Bf7
28. Nd2 d3 29. Qf3 Qe6 30. Qe4 b6 31. Qxe6 Bxe6 32. Nb1 d2 33. a3 Be7 34. Rxd2
Rxd2 35. Nxd2 Bxa3 36. Nf3 g5 37. Nd4 Bd7 38. Bd5+ Kf8 39. Kf1 Ke7 40. Nb5 Bc5
41. f3 Be8 42. Ke2 Bg6 43. Be4 Bxe4 44. fxe4 Ke6 45. Nc3 Ke5 46. Nd5 Kxe4 47.
Nxf6+ Kf4 48. Nh5+ Ke4 49. Nf6+ Kd4 50. Nd5 b5 51. Nc7 bxc4 52. Nb5+ Kd5 53.
Nc3+ Ke5 54. bxc4 Kd4 0-1

[Event "Gibtelecom Masters"]
[Site "Gibraltar"]
[Date "2008.01.28"]
[Round "7.57"]
[White "Revesz, Zoltan"]
[Black "Norinkeviciute, Rasa"]
[Result "1-0"]
[WhiteElo "2283"]
[BlackElo "2064"]
[PlyCount "91"]
[EventDate "2008.01.22"]

1. e4 e5 2. Nf3 Nf6 3. Nc3 Nc6 4. Bb5 Bb4 5. O-O O-O 6. d3 d6 7. Bg5 Bxc3 8.
bxc3 Qe7 9. Re1 Nd8 10. d4 Ne6 11. Bc1 c6 12. Bf1 Qc7 13. a4 c5 14. d5 Nd8 15.
Nh4 Re8 16. Bg5 Nd7 17. Nf5 f6 18. Bh4 Nf8 19. Bb5 Bd7 20. Bxf6 Bxb5 21. Bxd8
Qxd8 22. Qg4 Qf6 23. axb5 a5 24. b6 Ra6 25. Reb1 a4 26. Ra3 g6 27. Ne3 Rea8 28.
h4 h5 29. Qg5 Kf7 30. Nc4 Qxg5 31. hxg5 Ke7 32. g3 Nd7 33. Kg2 Rf8 34. f3 Rf7
35. Kf2 Rh7 36. f4 h4 37. f5 Rh5 38. f6+ Kf8 39. gxh4 Rxh4 40. Nxd6 Rxb6 41.
Rxb6 Nxb6 42. Kg3 Rh1 43. Nxb7 c4 44. Nc5 Rg1+ 45. Kf2 Rxg5 46. Ne6+ 1-0

[Event "Gibtelecom Masters"]
[Site "Gibraltar"]
[Date "2008.01.28"]
[Round "7.58"]
[White "Rasch, Holger"]
[Black "Strand, Haakon"]
[Result "1-0"]
[WhiteElo "2263"]
[BlackElo "2045"]
[PlyCount "103"]
[EventDate "2008.01.22"]

1. e4 c5 2. c3 e6 3. d4 d5 4. e5 Nc6 5. Nf3 Qb6 6. a3 Nh6 7. b4 cxd4 8. cxd4
Nf5 9. Be3 f6 10. Bd3 Nxe3 11. fxe3 Bd7 12. exf6 gxf6 13. Nh4 O-O-O 14. Nf3 e5
15. Nc3 Bg4 16. Na4 Qc7 17. b5 Qa5+ 18. Kf2 Nxd4 19. exd4 e4 20. b6 axb6 21.
Rb1 Bd7 22. Nxb6+ Kb8 23. Nxd7+ Rxd7 24. Bb5 Rc7 25. Nh4 Bxa3 26. Be2 Rhc8 27.
Rb5 Qa7 28. Qd2 Bc1 29. Qb4 Ba3 30. Qd2 Bc1 31. Rxc1 Rxc1 32. Rxd5 Qa4 33. Qf4+
Ka8 34. Qxe4 Re8 35. Ra5+ Qxa5 36. Qxe8+ Ka7 37. Nf3 Rc7 38. Qe6 Rc6 39. Qf7 h6
40. Qg6 f5 41. Qf7 Rc7 42. Qf8 Rc6 43. Ne5 Rc1 44. Qxf5 Qe1+ 45. Kf3 Qc3+ 46.
Qd3 Qb4 47. Qe3 Rc3 48. Nd3 Qb3 49. Kf2 Rc2 50. Ne5 Qb2 51. Nf3 Kb8 52. d5 1-0

[Event "Gibtelecom Masters"]
[Site "Gibraltar"]
[Date "2008.01.28"]
[Round "7.59"]
[White "Byron, Alan M"]
[Black "Haugstad, Espen"]
[Result "1/2-1/2"]
[WhiteElo "2229"]
[BlackElo "2042"]
[PlyCount "95"]
[EventDate "2008.01.22"]

1. c4 Nf6 2. Nc3 c5 3. g3 e6 4. Nf3 b6 5. Bg2 Bb7 6. O-O Be7 7. b3 d6 8. Bb2
Nbd7 9. d4 cxd4 10. Qxd4 a6 11. Rad1 Qc7 12. Ng5 Bxg2 13. Kxg2 O-O 14. Nge4
Rfd8 15. Qe3 Qc6 16. Kg1 b5 17. cxb5 axb5 18. Rc1 Qb7 19. Qf4 b4 20. Nxf6+ Bxf6
21. Na4 Bxb2 22. Nxb2 Rxa2 23. Nc4 Nf6 24. Nxd6 Qe7 25. Ne4 Nd5 26. Qf3 f5 27.
Nc5 Nc3 28. Rxc3 bxc3 29. Qxc3 Rxe2 30. Nd3 Qd7 31. Nf4 Rc8 32. Qxc8+ Qxc8 33.
Nxe2 Kf7 34. f4 Qc2 35. Nd4 Qd3 36. Nf3 Kf6 37. Rf2 Qxb3 38. h4 Ke7 39. Kg2 Kd6
40. Rd2+ Kc5 41. Re2 h6 42. Kf2 Qb6 43. Re3 Kd5 44. Ke2 Qb2+ 45. Kf1 Kc4 46.
Rxe6 Kd3 47. Re5 Qb7 48. Kf2 1/2-1/2

[Event "Gibtelecom Masters"]
[Site "Gibraltar"]
[Date "2008.01.28"]
[Round "7.60"]
[White "Fairbairn, Stephen"]
[Black "Narayanan, Srinath"]
[Result "1/2-1/2"]
[WhiteElo "2086"]
[BlackElo "2210"]
[PlyCount "111"]
[EventDate "2008.01.22"]

1. c4 Nf6 2. g3 g6 3. Bg2 Bg7 4. Nc3 O-O 5. Nf3 d6 6. d4 c6 7. O-O Qb6 8. b3 e5
9. d5 e4 10. Ne1 Nxd5 11. Nxd5 cxd5 12. Rb1 dxc4 13. Be3 Qa6 14. bxc4 Qxc4 15.
Rc1 Qe6 16. Nc2 Nc6 17. Nd4 Nxd4 18. Bxd4 Bxd4 19. Qxd4 Re8 20. Rfd1 b6 21.
Qxd6 Qxa2 22. Bxe4 Rxe4 23. Qc6 Bb7 24. Qxb7 Rae8 25. e3 R4e7 26. Rc7 Rxc7 27.
Qxc7 b5 28. Qc6 Rb8 29. Qc7 Rf8 30. Qc5 a6 31. h4 h5 32. Rd6 Qb1+ 33. Kg2 a5
34. Rb6 Qe4+ 35. f3 Qd3 36. Qxb5 Qxe3 37. Qxa5 Qe2+ 38. Kg1 Qe3+ 39. Kg2 Qe2+
40. Kg1 Rc8 41. Rc6 Rb8 42. Rxg6+ fxg6 43. Qd5+ Kg7 44. Qd4+ Kg8 45. Qd5+ Kh7
46. Qf7+ Kh8 47. Qf6+ Kh7 48. Qf7+ Kh8 49. Qf6+ Kg8 50. Qxg6+ Kf8 51. Qd6+ Kg7
52. Qxb8 Qe1+ 53. Kg2 Qe2+ 54. Kg1 Qe1+ 55. Kg2 Qe2+ 56. Kg1 1/2-1/2

[Event "Gibtelecom Masters"]
[Site "Gibraltar"]
[Date "2008.01.28"]
[Round "7.62"]
[White "Tscharotschkin, Michael"]
[Black "Reppen, Sigmund"]
[Result "1/2-1/2"]
[WhiteElo "2272"]
[BlackElo "2061"]
[PlyCount "89"]
[EventDate "2008.01.22"]

1. e4 e5 2. Nf3 Nc6 3. d4 exd4 4. Bc4 Nf6 5. O-O Nxe4 6. Re1 d5 7. Bxd5 Qxd5 8.
Nc3 Qa5 9. Nxe4 Be6 10. Neg5 O-O-O 11. Nxe6 fxe6 12. Rxe6 Bd6 13. Bg5 Rde8 14.
Qe1 Qxe1+ 15. Raxe1 Kd7 16. Rxe8 Rxe8 17. Rxe8 Kxe8 18. Bd2 h6 19. Kf1 Kd7 20.
Ke2 Ke6 21. Kd3 Kd5 22. Nxd4 Nxd4 23. c4+ Ke5 24. f4+ Kf5 25. Kxd4 Bxf4 26.
Bxf4 Kxf4 27. Kd5 Ke3 28. Ke6 Kd3 29. Kf7 c5 30. g4 g5 31. b3 a6 32. Ke6 Kd4
33. Kd6 b5 34. cxb5 axb5 35. a4 bxa4 36. bxa4 c4 37. a5 c3 38. a6 c2 39. a7
c1=Q 40. a8=Q Qf4+ 41. Ke7 Qxh2 42. Kf6 Qd6+ 43. Kf5 Ke3 44. Qe4+ Kf2 45. Qe3+
1/2-1/2

[Event "Gibtelecom Masters"]
[Site "Gibraltar"]
[Date "2008.01.28"]
[Round "7.63"]
[White "Foisor, Mihaela-Veronica"]
[Black "Navarro Torres, Pedro M"]
[Result "0-1"]
[WhiteElo "2043"]
[BlackElo "2210"]
[PlyCount "62"]
[EventDate "2008.01.22"]

1. d4 g6 2. c4 Bg7 3. Nc3 c5 4. e3 cxd4 5. exd4 Nf6 6. Nf3 O-O 7. Be2 d5 8. c5
Nc6 9. O-O Ne4 10. h3 Nxc3 11. bxc3 e5 12. Be3 e4 13. Nd2 f5 14. f4 Be6 15. Qa4
a6 16. Rab1 Qd7 17. Qa3 g5 18. fxg5 f4 19. Bxf4 Bxh3 20. Qb3 e3 21. Ne4 Bf5 22.
Bd3 Na5 23. Nf6+ Rxf6 24. Bxf5 Rxf5 25. Qb6 Raf8 26. g3 Nc4 27. Qxb7 Qe6 28. c6
e2 29. Rfe1 Rxf4 30. gxf4 Qg4+ 31. Kh1 Ne3 0-1

[Event "Gibtelecom Masters"]
[Site "Gibraltar"]
[Date "2008.01.28"]
[Round "7.64"]
[White "Pettersen, Joar Gullestad"]
[Black "Nadig, Kruttika"]
[Result "0-1"]
[WhiteElo "2026"]
[BlackElo "2208"]
[PlyCount "58"]
[EventDate "2008.01.22"]

1. Nf3 Nf6 2. c4 c6 3. Nc3 d5 4. e3 g6 5. d4 Bg7 6. Be2 dxc4 7. Bxc4 O-O 8. O-O
Nbd7 9. Qc2 c5 10. Rd1 cxd4 11. Nxd4 a6 12. b3 e5 13. Nf3 b5 14. Bd5 Nxd5 15.
Nxd5 e4 16. Nd4 Bb7 17. Nf4 Rc8 18. Qe2 Qe7 19. Bb2 Ne5 20. Rac1 Qg5 21. Kh1
Rfd8 22. Ba3 Nd3 23. Rxc8 Rxc8 24. Nxd3 exd3 25. Qf1 Bxd4 26. exd4 Rc2 27. Rxd3
Rxa2 28. Bc1 Ra1 29. Rd1 Rxc1 0-1

[Event "Gibtelecom Masters"]
[Site "Gibraltar"]
[Date "2008.01.28"]
[Round "7.65"]
[White "Getz, Nicolai"]
[Black "Kulago, Alexander"]
[Result "0-1"]
[WhiteElo "2019"]
[BlackElo "2206"]
[PlyCount "68"]
[EventDate "2008.01.22"]

1. e4 e5 2. Nf3 Nc6 3. Bc4 Nf6 4. d3 Be7 5. O-O O-O 6. Bb3 d6 7. c3 h6 8. Nbd2
Nh7 9. Re1 Ng5 10. Nxg5 Bxg5 11. Nf1 Bxc1 12. Rxc1 Kh8 13. Ne3 f5 14. exf5 Bxf5
15. Nxf5 Rxf5 16. Re3 Qh4 17. Qe2 Raf8 18. Rf1 Nd8 19. Rh3 Qf6 20. Qe3 c6 21.
d4 exd4 22. cxd4 Rf4 23. d5 Qxb2 24. dxc6 Nxc6 25. Rh5 Qd4 26. Qh3 R4f6 27. Rh4
Qd2 28. f4 Nd4 29. Rd1 Qe2 30. Rf1 Nf5 31. Rh5 Ne3 32. Rc1 Qd2 33. Rb1 Qd4 34.
Kh1 Qxf4 0-1